Wastewater reclamation and reuse / (Record no. 344850)
[ view plain ]
| 000 -LEADER | |
|---|---|
| fixed length control field | 00416nam a22001577a 4500 |
| 003 - CONTROL NUMBER IDENTIFIER | |
| control field | OSt |
| 008 - FIXED-LENGTH DATA ELEMENTS--GENERAL INFORMATION | |
| fixed length control field | 230522b |||||||| |||| 00| 0 eng d |
| 041 ## - LANGUAGE CODE | |
| Language code of text/sound track or separate title | eng |
| 082 ## - DEWEY DECIMAL CLASSIFICATION NUMBER | |
| Classification number | 628.11 |
| Item number | JAW/WA |
| 245 ## - TITLE STATEMENT | |
| Title | Wastewater reclamation and reuse / |
| 260 ## - PUBLICATION, DISTRIBUTION, ETC. (IMPRINT) | |
| Place of publication, distribution, etc. | New Delhi : |
| Date of publication, distribution, etc. | 2010. |
| Name of publisher, distributor, etc. | New Age International, |
| 300 ## - PHYSICAL DESCRIPTION | |
| Extent | 314 p. |
| 700 ## - ADDED ENTRY--PERSONAL NAME | |
| Personal name | Jawad A sulaimi (ed.) |
| 9 (RLIN) | 6133 |
| 700 ## - ADDED ENTRY--PERSONAL NAME | |
| Personal name | Asano, Takashi (ed.) |
| 9 (RLIN) | 6134 |
| 942 ## - ADDED ENTRY ELEMENTS (KOHA) | |
| Koha item type | Books (General) |
| Withdrawn status | Lost status | Damaged status | Not for loan | Collection code | Home library | Current library | Shelving location | Date acquired | Source of acquisition | Cost, normal purchase price | Total Checkouts | Full call number | Barcode | Date last seen | Price effective from | Koha item type |
|---|---|---|---|---|---|---|---|---|---|---|---|---|---|---|---|---|
| Kelappaji College of Agricultural Engineering & Technology Library, Tavanur | Kelappaji College of Agricultural Engineering & Technology Library, Tavanur | 31/03/2023 | EEDEEYOU, Manjeri | 750.00 | 628.11 JAW/WA | KAU_KCAEFT-BB 667 | 22/05/2023 | 22/05/2023 | Book Bank scheme for SC students | |||||||
| Kelappaji College of Agricultural Engineering & Technology Library, Tavanur | Kelappaji College of Agricultural Engineering & Technology Library, Tavanur | 20/03/2024 | 750.00 | 628.11 JAW/WA | KAU_KCAEFT-26195 | 20/03/2024 | 20/03/2024 | Books (General) |
